00466nam a22001577a 4500999001900000020001800019040000900037082001700046100002200063245004400085260004300129300001600172521000800188942001200196952010000208 c524211d524211 a9787300246475 cNUST a340.115bYUJ aYujun feng915026 aA New journey to Law -Based Governance  aChina bRenmin university press c2017 aill,241,p.: aP.B 2ddccBK 00102ddc4070aNLSbNLScCHISTd2019-06-18o340.115 YUJpCL-D-372r2019-06-18w2019-06-18yBK